MARC

LEADER 00000nam0a2200000 4500
001 276153
005 20231101234907.0
020 |a RU  |b 86-7954 
035 |a (RuTPU)RU\TPU\book\299411 
090 |a 276153 
100 |a 20141119d1986 km y0rusy5003 ca 
101 0 |a rus 
102 |a RU 
105 |a a z 000zy 
200 1 |a Нюрнберг: перед судом истории  |e воспоминания участника Нюрнбергского процесса  |f М. Ю. Рагинский 
210 |a Москва  |c Политиздат  |d 1986 
215 |a 204 с.  |c ил. 
606 1 |a Преступления против человечества  |2 stltpush  |3 (RuTPU)RU\TPU\subj\51461  |9 70056 
610 1 |a Нюрнбергский процесс 
610 1 |a военные преступники 
610 1 |a история 
610 1 |a воспоминания 
610 1 |a 20 век 
610 1 |a судебные процессы 
610 1 |a правовые основы 
610 1 |a фашизм 
686 |a Х919  |2 rubbk 
700 1 |a Рагинский  |b М. Ю.  |g Марк Юрьевич  |4 070 
801 0 |a RU  |b RuMRKP  |c 19950704  |g psbo 
801 1 |a RU  |b 63413507  |c 20141119 
801 2 |a RU  |b 63413507  |c 20160315  |g RCR 
942 |c BK